Entry Personal Name
Number of records used in: 1
001 - CONTROL NUMBER
003 - CONTROL NUMBER IDENTIFIER
005 - DATE AND TIME OF LATEST TRANSACTION
- control field:
20230923153835.0
008 - FIXED-LENGTH DATA ELEMENTS
- fixed length control field:
041029n| azannaabn |a aaa c
010 ## - LIBRARY OF CONGRESS CONTROL NUMBER
- LC control number:
no2004105589
035 ## - SYSTEM CONTROL NUMBER
- System control number:
(OCoLC)oca06481486
040 ## - CATALOGING SOURCE
- Original cataloging agency:
SG-SiILA
- Language of cataloging:
eng
- Description conventions:
rda
- Transcribing agency:
SG-SiILA
- Modifying agency:
DLC
100 1# - HEADING--PERSONAL NAME
- Personal name:
Kahate, Atul
370 ## - ASSOCIATED PLACE
- Place of residence/headquarters:
Pune (India)
- Source of term:
naf
371 ## - ADDRESS
- Electronic mail address:
akahate@gmail.com
375 ## - GENDER
- Gender:
Males
- Source of term:
lcdgt
377 ## - ASSOCIATED LANGUAGE
400 0# - SEE FROM TRACING--PERSONAL NAME
- Personal name:
Atul Kahate
400 1# - SEE FROM TRACING--PERSONAL NAME
- Personal name:
Kahāte, Atula
670 ## - SOURCE DATA FOUND
- Source citation:
Computer communication networks, c2004:
- Information found:
t.p. (Atul Kahate; project manager, i-Flex Solutions Ltd., Pune)
670 ## - SOURCE DATA FOUND
- Source citation:
Mahāmandītūna suṭakā, 2012:
- Information found:
title page (Atula Kahāte) title page verso (Atul Kahate; lives in Pune; email: akahate@gmail.com) page 4 (MBA)